| 000 | 00582cam3a220021700 4500 | ||
|---|---|---|---|
| 001 | zam00002893 | ||
| 008 | 951128s1973 xx eng u | ||
| 035 | _a(Sirsi) r20230 | ||
| 035 | _a(MACHINE)SLC. | ||
| 100 |
_aJoll, J. _6A81502.1 |
||
| 245 | 1 | 0 | _aEurope since 1780. |
| 260 | _c1973. | ||
| 949 |
_aD424 _wlcc _mMAIN _p2500 _tBOOK _lON-SHELF |
||
| 004 | 20230 | ||
| 591 | _aClass code: H 320. | ||
| 591 | _aCourse: History of Europe from 1789. | ||
| 591 | _aSchool: S05. | ||
| 591 | _aLecturer: Dr. CHONDOKA, Y.A. | ||
| 591 | _aNumber of Students: 88. | ||
| 909 | _aBook | ||
| 999 |
_c171177 _d171177 |
||